000
00344 a2200157 4500
001
75289
020
_a
8502031910
040
_c
Anchieta - Colégio São Paulo
100
_a
gualtier, José
240
1
0
_a
Tópicos de fisíca 3
_l
por
245
1
0
_a
Tópicos de fisíca 3
300
_a
458
362
0
_a
2001
650
4
_a
Física
942
_c
BK
999
_c
75289
_d
75289